Matematická analýza 1

Enregistré dans:
Détails bibliographiques
Auteur principal: Brabec, Jiří
Autres auteurs: Martan, František, Rozenský, Zdeněk
Format: Livre
Langue:tchèque
Publié: Praha Státní nakladatelství technické literatury 1989
Édition:2. uprav. vyd.
Tags: Ajouter un tag
Pas de tags, Soyez le premier à ajouter un tag!

MARC

LEADER 00000nam a2200000 4500
001 c039206
005 20221215120152.9
041 0 |a cze 
044 |a CZ 
245 1 0 |a Matematická analýza 1  |c Jiří Brabec, František Martan, Zdeněk Rozenský 
250 |a 2. uprav. vyd. 
264 1 |a Praha  |b Státní nakladatelství technické literatury  |c 1989 
300 |a 482 s. 
100 1 |a Brabec, Jiří 
700 1 |a Martan, František 
700 1 |a Rozenský, Zdeněk